[Event "Uljanovsk Sidorov Memorial"]
[Site "Uljanovsk"]
[Date "2014.07.20"]
[Round "9"]
[White "Mironov, Vitalij"]
[Black "Logunov, Vladimir"]
[Result "0-1"]
[WhiteElo "1939"]
[BlackElo "1731"]
[PlyCount "114"]
[EventDate "2014.07.16"]
[EventType "swiss"]
[EventRounds "9"]
[EventCountry "RUS"]
[SourceTitle "CBM 161 Extra"]
[Source "ChessBase"]
[SourceDate "2014.08.29"]
[SourceVersion "1"]
[SourceVersionDate "2014.08.29"]
[SourceQuality "1"]

1. d4 d5 2. c4 c6 3. e3 Nf6 4. Nc3 Bf5 5. Nf3 e6 6. Be2 dxc4 7. Bxc4 Be7 8. 0-0 0-0 9. Qe2 Nbd7 10. e4 Bg4 11. h3 Bxf3 12. Qxf3 Nb6 13. Qd3 Nxc4 14. Qxc4 Qb6 15. Be3 Qb4 16. Qe2 Rfd8 17. Qc2 Rac8 18. a3 Qa5 19. b4 Qc7 20. f4 b6 21. Rac1 Qb7 22. Qb1 c5 23. bxc5 Qa6 24. e5 Nd5 25. Nxd5 Rxd5 26. cxb6 Rxc1 27. Rxc1 Rb5 28. Qe4 Rd5 29. bxa7 Qxa7 30. Rc8+ Bf8 31. f5 Qxa3 32. fxe6 fxe6 33. Qf3 Rd7 34. Kh2 Rf7 35. Qe2 Qa4 36. Qc4 Qxc4 37. Rxc4 Rd7 38. Kg3 Kf7 39. Kf3 Be7 40. Ke4 h6 41. Bd2 Rb7 42. d5 exd5+ 43. Kxd5 Rd7+ 44. Kc6 Rxd2 45. Rg4 Re2 46. Kd5 g5 47. Rg3 Rd2+ 48. Ke4 Ke6 49. h4 Re2+ 50. Kd3 Rxe5 51. hxg5 hxg5 52. Rh3 Kf5 53. Rf3+ Kg4 54. Rf2 Kg3 55. Rc2 Rf5 56. Ke3 Bc5+ 57. Ke4 Rf4+ 0-1

[Event "Uljanovsk Sidorov Memorial"]
[Site "Uljanovsk"]
[Date "2014.07.19"]
[Round "8"]
[White "Nikitin, Dmitry"]
[Black "Mironov, Vitalij"]
[Result "1-0"]
[WhiteElo "1849"]
[BlackElo "1939"]
[PlyCount "91"]
[EventDate "2014.07.16"]
[EventType "swiss"]
[EventRounds "9"]
[EventCountry "RUS"]
[SourceTitle "CBM 161 Extra"]
[Source "ChessBase"]
[SourceDate "2014.08.29"]
[SourceVersion "1"]
[SourceVersionDate "2014.08.29"]
[SourceQuality "1"]

1. e4 c6 2. d4 d5 3. e5 Bf5 4. h4 h5 5. c4 dxc4 6. Bxc4 e6 7. Ne2 Nd7 8. Ng3 g6 9. Nc3 Ne7 10. Bg5 Qb6 11. Qd2 Nd5 12. Bxd5 cxd5 13. 0-0 Bb4 14. Rac1 Qa6 15. a3 Ba5 16. b4 Bd8 17. Bxd8 Rxd8 18. Nxf5 gxf5 19. a4 f6 20. exf6 Kf7 21. Nb5 Nxf6 22. Rc7+ Rd7 23. Re1 Qb6 24. Qf4 Rxc7 25. Nxc7 Qxb4 26. Rxe6 Qb1+ 27. Kh2 Ng4+ 28. Kg3 Rg8 29. Rd6 Qd3+ 30. f3 Nf6+ 31. Kh3 Qe2 32. Rxf6+ Kxf6 33. Qh6+ Kf7 34. Qxh5+ Kf6 35. Nxd5+ Kg7 36. Qg5+ Kf7 37. Qf6+ Ke8 38. Nc7+ Kd7 39. Qf7+ Qe7 40. Qxg8 Kxc7 41. Qg3+ Kc6 42. Qg6+ Kd5 43. Qxf5+ Kxd4 44. Qe4+ Qxe4 45. fxe4 Kxe4 46. Kg4 1-0

[Event "Uljanovsk Sidorov Memorial"]
[Site "Uljanovsk"]
[Date "2014.07.18"]
[Round "5"]
[White "Mironov, Vitalij"]
[Black "Bataev, Victor"]
[Result "1/2-1/2"]
[WhiteElo "1939"]
[BlackElo "1736"]
[PlyCount "184"]
[EventDate "2014.07.16"]
[EventType "swiss"]
[EventRounds "9"]
[EventCountry "RUS"]
[SourceTitle "CBM 161 Extra"]
[Source "ChessBase"]
[SourceDate "2014.08.29"]
[SourceVersion "1"]
[SourceVersionDate "2014.08.29"]
[SourceQuality "1"]

1. d4 Nf6 2. c4 e6 3. Nf3 d5 4. e3 Nc6 5. Nc3 Be7 6. a3 dxc4 7. Bxc4 0-0 8. 0-0 b6 9. e4 Bb7 10. e5 Nd5 11. Nxd5 exd5 12. Bd3 Na5 13. Qc2 h6 14. b4 Nc4 15. Be3 b5 16. Qc1 Nxe3 17. Qxe3 c6 18. Ne1 a5 19. Nc2 Bg5 20. f4 Be7 21. f5 f6 22. e6 Bd6 23. Be2 Re8 24. Bh5 Re7 25. Bf7+ Kh8 26. g4 Qc7 27. h4 Rf8 28. Bg6 Bg3 29. g5 Bxh4 30. gxh6 Bg5 31. hxg7+ Kxg7 32. Qf3 Rh8 33. Rf2 Rh4 34. Rg2 Kf8 35. Bf7 Bc8 36. Qg3 Qxg3 37. Rxg3 Rxf7 38. exf7 Bxf5 39. Ne3 Be4 40. Ng2 Bxg2 41. Kxg2 axb4 42. axb4 Rxd4 43. Ra7 Rxb4 44. Rh3 Rh4 45. Rxh4 Bxh4 46. Kf3 f5 47. Rc7 Be7 48. Rxc6 d4 49. Kf4 b4 50. Kxf5 Kxf7 51. Ke4 b3 52. Rb6 Bf6 53. Rxb3 Kg6 54. Rb6 Kg5 55. Re6 Bg7 56. Re8 Kg6 57. Rd8 Bf6 58. Rd6 Kg5 59. Rd5+ Kg6 60. Kf4 Bg7 61. Rd6+ Bf6 62. Kg4 Kf7 63. Kf5 Bg7 64. Rd7+ Kf8 65. Ke6 Kg8 66. Kf5 Kf8 67. Kg6 Be5 68. Rd5 Bg3 69. Rxd4 Ke7 70. Kf5 Bf2 71. Rd2 Bg1 72. Ke5 Ba7 73. Rb2 Bg1 74. Rb7+ Kd8 75. Rh7 Bf2 76. Rg7 Be1 77. Ke6 Kc8 78. Kd6 Bb4+ 79. Kc6 Kd8 80. Rb7 Be1 81. Rb2 Bc3 82. Re2 Bb4 83. Re4 Bc3 84. Kd6 Bb2 85. Re3 Bd4 86. Rg3 Ke8 87. Ke6 Kf8 88. Rg4 Bc3 89. Rc4 Bb2 90. Rf4+ Kg7 91. Rf2 Bd4 92. Rg2+ Kf8 1/2-1/2

[Event "Uljanovsk Sidorov Memorial"]
[Site "Uljanovsk"]
[Date "2014.07.16"]
[Round "2"]
[White "Peruhin, Anatoliy"]
[Black "Mironov, Vitalij"]
[Result "0-1"]
[WhiteElo "1636"]
[BlackElo "1939"]
[PlyCount "94"]
[EventDate "2014.07.16"]
[EventType "swiss"]
[EventRounds "9"]
[EventCountry "RUS"]
[SourceTitle "CBM 161 Extra"]
[Source "ChessBase"]
[SourceDate "2014.08.29"]
[SourceVersion "1"]
[SourceVersionDate "2014.08.29"]
[SourceQuality "1"]

1. d4 d5 2. Nf3 Nf6 3. b3 e6 4. Bb2 c5 5. e3 cxd4 6. Nxd4 Be7 7. Nd2 0-0 8. Be2 Nc6 9. 0-0 Bd7 10. c3 e5 11. Nxc6 bxc6 12. c4 e4 13. Rc1 Bd6 14. Re1 Qe7 15. Qc2 Rac8 16. c5 Bc7 17. b4 Rb8 18. Bc3 Ng4 19. Bxg4 Bxg4 20. Nb3 Qh4 21. h3 Bd7 22. Nd4 f5 23. Ne2 g5 24. Qb2 f4 25. exf4 gxf4 26. Be5 Bxe5 27. Qxe5 f3 28. Qg3+ Qxg3 29. Nxg3 Rxb4 30. Re3 fxg2 31. Kxg2 Rb2 32. Re2 Rxe2 33. Nxe2 Rf3 34. Rc3 Bxh3+ 35. Kg1 Rxc3 36. Nxc3 Kf7 37. Kh2 Bf5 38. Kg3 Ke6 39. Kf4 Kf6 40. a3 h5 41. Ne2 h4 42. Nd4 Bd7 43. f3 h3 44. Ne2 exf3 45. Kxf3 Ke5 46. Ke3 h2 47. Ng3 d4+ 0-1

[Event "Uljanovsk-ch U26 op"]
[Site "Uljanovsk"]
[Date "2013.04.07"]
[Round "9"]
[White "Mironov, Vitalij"]
[Black "Kolosov, Anatoly G"]
[Result "1/2-1/2"]
[WhiteElo "1909"]
[BlackElo "1915"]
[PlyCount "107"]
[EventDate "2013.03.23"]
[EventType "swiss"]
[EventRounds "9"]
[EventCountry "RUS"]
[SourceTitle "EXT 2014"]
[Source "ChessBase"]
[SourceDate "2013.11.20"]
[SourceVersion "1"]
[SourceVersionDate "2013.11.20"]
[SourceQuality "1"]

1. d4 Nf6 2. c4 c5 3. e3 e6 4. Nc3 Be7 5. Nf3 0-0 6. Bd3 d5 7. 0-0 Nc6 8. a3 a6 9. cxd5 exd5 10. dxc5 Bxc5 11. b4 Ba7 12. h3 Bb8 13. Bb2 Qd6 14. Ne2 Rd8 15. Qc2 h6 16. Rfd1 Qe7 17. Rac1 Bd7 18. Qb3 Re8 19. Bb1 Ne4 20. Qd3 Be6 21. Nc3 Ne5 22. Nxe5 Bxe5 23. f3 Bxh3 24. fxe4 Qg5 25. Qf1 Re6 26. Nxd5 Bxb2 27. Rc2 Be5 28. Nf4 Rf6 29. Rf2 Bg4 30. Rd5 Be6 31. Rdd2 Qh4 32. Qd1 g5 33. Nxe6 Rxf2 34. Rxf2 Qh2+ 35. Kf1 Qh1+ 36. Ke2 Qxd1+ 37. Kxd1 fxe6 38. Ba2 Rd8+ 39. Kc2 Rd6 40. g4 Kg7 41. Rd2 Rc6+ 42. Kd1 Kf6 43. Rd7 Rd6+ 44. Rxd6 Bxd6 45. Ke2 a5 46. bxa5 Bxa3 47. Bc4 Ke5 48. Kf3 Kd6 49. a6 bxa6 50. Bxa6 e5 51. Bc8 Kc5 52. Ke2 Kc4 53. Bf5 Kc3 54. Bg6 1/2-1/2

[Event "Uljanovsk Sidorov op"]
[Site "Uljanovsk"]
[Date "2012.07.13"]
[Round "3.2"]
[White "Mironov, Vitalij"]
[Black "Pegov, Valery"]
[Result "0-1"]
[WhiteElo "1825"]
[BlackElo "1587"]
[PlyCount "92"]
[EventDate "2012.07.12"]
[EventType "swiss"]
[EventRounds "9"]
[EventCountry "RUS"]
[SourceTitle "EXT 2022"]
[Source "ChessBase"]
[SourceDate "2021.10.06"]
[SourceVersion "1"]
[SourceVersionDate "2021.10.06"]
[SourceQuality "1"]

1. d4 g6 2. c4 Bg7 3. Nc3 d6 4. e4 Nf6 5. Nf3 a6 6. Be2 0-0 7. 0-0 Re8 8. h3 Nc6 9. d5 Na7 10. Be3 c5 11. a4 Rb8 12. Qc2 Qc7 13. Rab1 Bd7 14. b4 b6 15. Nd2 e5 16. b5 axb5 17. axb5 Ra8 18. Ra1 Qb7 19. Ra6 Nc8 20. Rfa1 Rxa6 21. Rxa6 Rf8 22. Qa2 Ne8 23. Nd1 f5 24. f3 f4 25. Bf2 Nf6 26. Nb2 g5 27. Nb3 h5 28. Nd3 g4 29. hxg4 hxg4 30. fxg4 Bxg4 31. Bf3 Qf7 32. Qe2 Qh5 33. Bxc5 Bxf3 34. gxf3 dxc5 35. Nbxc5 bxc5 36. Nxc5 Nh7 37. Qg2 Ng5 38. Ne6 Nxe6 39. Rxe6 Qf7 40. Rxe5 Qa7+ 41. Kh2 Nd6 42. Rg5 Nxc4 43. Qh3 Ne3 44. Qe6+ Qf7 45. Qc6 Kh7 46. d6 Bh6 0-1

[Event "Ulstudents-ch op"]
[Site "Russia"]
[Date "2012.04.01"]
[Round "6"]
[White "Pirogov, Vyatchslav"]
[Black "Mironov, Vitalij"]
[Result "1-0"]
[WhiteElo "2375"]
[BlackElo "1811"]
[PlyCount "69"]
[EventDate "2012.03.24"]
[EventType "swiss"]
[EventRounds "9"]
[EventCountry "RUS"]
[SourceTitle "EXT 2014"]
[Source "ChessBase"]
[SourceDate "2013.11.20"]
[SourceVersion "1"]
[SourceVersionDate "2013.11.20"]
[SourceQuality "1"]

1. c4 e6 2. e4 d5 3. exd5 exd5 4. d4 Nf6 5. Nc3 c6 6. Nf3 Bd6 7. Bg5 Qe7+ 8. Be2 dxc4 9. 0-0 0-0 10. Bxc4 Bg4 11. Re1 Qd8 12. Qd3 Bxf3 13. Qxf3 Nbd7 14. Ne4 Be7 15. Ng3 Bb4 16. Re4 h6 17. Bh4 Qa5 18. Bxf6 Nxf6 19. Re5 Qd8 20. Nf5 Kh7 21. Qh3 Ng8 22. Bd3 g6 23. Rd1 Re8 24. a3 Bf8 25. Rde1 Rxe5 26. dxe5 Qg5 27. Nh4 Rd8 28. Nf3 Qf4 29. Bf1 Bc5 30. b4 Bb6 31. e6 fxe6 32. Qxe6 Kg7 33. Bc4 Qf6 34. Qe2 Rd7 35. Bxg8 1-0

[Event "Uljanovsk Povolje op"]
[Site "Uljanovsk"]
[Date "2011.08.25"]
[Round "1"]
[White "Mironov, Vitalij"]
[Black "Pirogov, Vyatchslav"]
[Result "0-1"]
[WhiteElo "1795"]
[BlackElo "2378"]
[PlyCount "107"]
[EventDate "2011.08.25"]
[EventType "swiss"]
[EventRounds "9"]
[EventCountry "RUS"]
[SourceTitle "CBM 144 Extra"]
[Source "ChessBase"]
[SourceDate "2011.10.28"]
[SourceVersion "1"]
[SourceVersionDate "2011.10.28"]
[SourceQuality "1"]

1. d4 d6 2. Nf3 Bg4 3. c4 Bxf3 4. exf3 Nf6 5. Nc3 Nbd7 6. Be3 g6 7. Be2 Bg7 8. Qb3 Rb8 9. 0-0 0-0 10. Rad1 a6 11. Qc2 c6 12. c5 d5 13. f4 a5 14. a3 b5 15. b4 Qc7 16. g4 Kh8 17. h4 axb4 18. axb4 Ra8 19. Ra1 e6 20. Kg2 Ne4 21. g5 Nxc3 22. Qxc3 f6 23. Rxa8 Rxa8 24. Ra1 Rf8 25. Rd1 Qd8 26. Rf1 Kg8 27. Bg4 e5 28. fxe5 fxe5 29. f4 e4 30. f5 gxf5 31. Bxf5 Qe7 32. Qb2 Rf7 33. Qe2 Nf8 34. Qg4 Qa7 35. Be6 Nxe6 36. Qxe6 Qd7 37. Qxf7+ Qxf7 38. Rxf7 Kxf7 39. Kg3 h6 40. Kg4 hxg5 41. Kxg5 Bf6+ 42. Kg4 Kg6 43. h5+ Kf7 44. Kf5 Bh4 45. Ke5 Bg3+ 46. Kf5 Be1 47. h6 Bxb4 48. Bf4 e3 49. Be5 e2 50. h7 e1Q 51. h8Q Qe4+ 52. Kg5 Bd2+ 53. Kh5 Qh1+ 54. Kg4 0-1